| 000 | 00553nam a22002177a 4500 | ||
|---|---|---|---|
| 003 | OSt | ||
| 005 | 20260514142558.0 | ||
| 008 | 260514b |||||||| |||| 00| 0 eng d | ||
| 020 | _a978-93-5390-328-2 | ||
| 040 | _cSBCL | ||
| 082 |
_a894.8123 _bBAS-T |
||
| 100 | _aBasheer,Vaikom Muhammed | ||
| 245 | _aThenmavu | ||
| 250 | _a8th ed. | ||
| 260 |
_aKizhakemuri _bMambazham _c2024 |
||
| 300 | _a152p. | ||
| 630 | _xLiterature | ||
| 650 | _aLiteratures of other languages | ||
| 650 | _aAltaic, Uralic, Hyperborean & Dravidian | ||
| 942 | _cBOOK | ||
| 999 |
_c138161 _d138161 |
||